00616nam a22001937a 4500008004100000020001400041040001800055041000800073100002500081245004200106260007500148300002200223490003300245504005300278650002600331650002600357650001200383650002700395130821s1986 xxu gr eng  a815602065 aCo-BoUCMbspa00aeng1 aDouglas, Maryd1921-10aHow institutions thinkcMary Douglas. aSiracusa (Nueva York, Estados Unidos)bSyracuse University Pressc1986 axi, 146 páginas 4aThe Frank W. Abrams Lectures aIncluye referencias bibliográficas e índice.04aCambio organizacional04aCognición y cultura04aCultura04aInstituciones sociales